El Catalanisme regeneracionista / Francesc Cambó ; edició a cura de Jordi Casassas
Descripción Física:
260 p. ; 20 cm
Otros Autores:
Casassas, Jordi, 1948-
Materias:
Nacionalisme -- Catalunya
MARC
| LEADER | 00000nam a2200000Ia 4500 | ||
|---|---|---|---|
| 001 | 9141 | ||
| 008 | 160829s1990 xx 000 0 cat d | ||
| 080 | |a M-2-246 | ||
| 100 | 1 | |a Cambó, Francesc, |d 1876-1947 |9 26464 | |
| 245 | |a El Catalanisme regeneracionista / Francesc Cambó ; edició a cura de Jordi Casassas | ||
| 260 | |a Barcelona : |b La Magrana : |b Diputació de Barcelona, |c 1990 | ||
| 300 | |a 260 p. ; |c 20 cm | ||
| 490 | |a Biblioteca dels clàssics del nacionalisme català ; 24 | ||
| 650 | 0 | |a Nacionalisme |z Catalunya |9 11008 | |
| 700 | |a Casassas, Jordi, |d 1948- |9 50016 | ||
| 901 | |a Arxiu | ||
| 942 | |n 1 | ||
| 952 | |0 0 |1 0 |4 0 |6 M2246 |7 1 |9 44092 |a Arxiu |b Arxiu |d 2016-12-01 |l 0 |o M-2-246 |p 9141 |r 2016-12-01 00:00:00 |w 2016-12-01 |y ARXIU | ||
| 999 | |c 46672 |d 46672 | ||